[Event "Hoogovens 5'"]
[Site "Wijk aan Zee"]
[Date "1999.01.18"]
[Round "5"]
[White "Kramnik, Vladimir"]
[Black "Ivanchuk, Vassily"]
[Result "0-1"]
[WhiteElo "2751"]
[BlackElo "2714"]
[PlyCount "104"]
[EventDate "1999.01.18"]
[Source "ChessBase"]
[SourceDate "1999.03.01"]

1. Nf3 Nf6 2. c4 d5 3. Nc3 e6 4. d4 dxc4 5. Bg5 Bb4 6. Qa4+ Nc6 7. a3 Bxc3+ 8. bxc3 Qd5 9. Bxf6 gxf6 10. Qc2 f5 11. g3 b6 12. Bg2 Bb7 13. O-O O-O-O 14. Nh4 Qd7 15. e4 fxe4 16. Bxe4 Na5 17. Bxb7+ Kxb7 18. Rfe1 Qc6 19. Qe2 Rhe8 20. Qh5 f6 21. Qxh7 e5 22. dxe5 Nb3 23. Rab1 Rxe5 24. Rxe5 fxe5 25. Qe7 Qe4 26. Qxd8 Qxb1+ 27. Kg2 Qe4+ 28. Kh3 Qd3 29. Qxd3 cxd3 30. Nf5 Kc6 31. Kg4 Nd2 32. Ne3 Ne4 33. Nd1 Kd5 34. f3 Nd6 35. h4 Ke6 36. h5 Kf6 37. Ne3 d2 38. Nd5+ Kf7 39. Ne3 Nc4 40. Nd1 Kf6 41. Kh4 Nxa3 42. g4 Nc4 43. g5+ Kg7 44. Kg4 Nd6 45. f4 exf4 46. Kxf4 a5 47. Ke3 Nc4+ 48. Kd4 b5 49. Kc5 a4 50. Kb4 c5+ 51. Kxb5 a3 52. Kxc4 a2 0-1

[Event "Amber-blind 7th"]
[Site "Monte Carlo"]
[Date "1998.03.25"]
[Round "10"]
[White "Kramnik, Vladimir"]
[Black "Lautier, Joel"]
[Result "1-0"]
[WhiteElo "2790"]
[BlackElo "2645"]
[PlyCount "91"]
[EventDate "1998.03.13"]
[Source "ChessBase"]
[SourceDate "1998.04.29"]

1. Nf3 d5 2. d4 Nf6 3. c4 e6 4. Nc3 dxc4 5. e4 Bb4 6. Bg5 c5 7. Bxc4 cxd4 8. Nxd4 Qa5 9. Bd2 Qc5 10. Bb5+ Bd7 11. Nb3 Qe7 12. Bd3 Nc6 13. O-O O-O 14. a3 Bd6 15. Bg5 h6 16. Bh4 Bf4 17. Ne2 e5 18. Nxf4 exf4 19. f3 Be6 20. Bf2 Rfd8 21. Nc5 Ne5 22. Qb1 Bc4 23. Rd1 Rac8 24. Bxc4 Nxc4 25. Rxd8+ Qxd8 26. Qc1 Ne3 27. Bxe3 fxe3 28. Qxe3 b6 29. Nd3 Rc2 30. Rd1 Qe7 31. Rc1 Qc7 32. Rxc2 Qxc2 33. h4 Nd7 34. Kh2 Nf8 35. f4 h5 36. f5 Qc4 37. Nf4 g6 38. Nd5 Kh7 39. Qg5 Qd4 40. Qe7 Kg8 41. Qe8 Qf2 42. Kh3 Qf1 43. f6 Qh1+ 44. Kg3 Qe1+ 45. Kf3 Qf1+ 46. Ke3 1-0

[Event "Shenyang"]
[Site "?"]
[Date "2000.??.??"]
[Round "?"]
[White "Azmaiparashvili, Z."]
[Black "Morozevich, A."]
[Result "1-0"]
[WhiteElo "2670"]
[BlackElo "2755"]
[PlyCount "101"]
[EventDate "2000.??.??"]
[Source "Chess Informant"]
[SourceDate "2000.06.01"]

1. d4 e6 2. Nf3 Nf6 3. c4 d5 4. Nc3 dxc4 5. e4 Bb4 6. Bg5 c5 7. Bxc4 cxd4 8. Nxd4 Qa5 9. Bd2 Qc5 10. Bb5+ Bd7 11. Nb3 Qe7 12. Qe2 Bxb5 13. Qxb5+ Nc6 14. Nd4 Rc8 15. Nxc6 Rxc6 16. O-O a6 17. Qg5 O-O 18. a3 Bc5 19. Be3 h6 20. Qg3 Bxe3 21. Qxe3 Qc7 22. h3 Nd7 23. Ne2 Ne5 24. Rfd1 Nc4 25. Qc3 e5 26. a4 Rc8 27. Rac1 Qe7 28. b3 Na3 29. Qd3 Nc2 30. Rd2 Qc7 31. Rcd1 Qb6 32. Qg3 Re8 33. Qd3 Nb4 34. Qd7 Rf8 35. Ng3 g6 36. Qe7 Re6 37. Qh4 Kh7 38. Nf1 Nc6 39. Rd3 Nd4 40. Ne3 Qc6 41. Nd5 f5 42. f3 Rf7 43. Kh2 Re8 44. Rc3 Qd6 45. Rdc1 fxe4 46. fxe4 Nc6 47. b4 Nxb4 48. Rc7 Ref8 49. Nf6+ Kg7 50. Rxf7+ Kxf7 51. Nh7 1-0

[Event "Supertorneo GM"]
[Site "Biel SVI"]
[Date "2007.07.31"]
[Round "7"]
[White "Bu Xiangzhi"]
[Black "Grischuk, A."]
[Result "1/2-1/2"]
[WhiteElo "2685"]
[BlackElo "2726"]
[PlyCount "39"]
[EventDate "2007.07.23"]
[Source "www.chesslib.no"]
[SourceDate "2004.05.04"]

1. Nf3 Nf6 2. c4 e6 3. Nc3 d5 4. d4 dxc4 5. e4 Bb4 6. Bg5 c5 7. Bxc4 cxd4 8. Nxd4 Bxc3+ 9. bxc3 Qa5 10. Bb5+ Bd7 11. Bxf6 gxf6 12. Qb3 Bxb5 13. Nxb5 O-O 14. O-O Nc6 15. c4 Rad8 16. Qg3+ Kh8 17. Qh4 Kg7 18. Qg3+ Kh8 19. Qh4 Kg7 20. Qg3+ 1/2-1/2

[Event "Amber-blind 8th"]
[Site "Monte Carlo"]
[Date "1999.03.18"]
[Round "3"]
[White "Gelfand, Boris"]
[Black "Ivanchuk, Vassily"]
[Result "1/2-1/2"]
[WhiteElo "2691"]
[BlackElo "2714"]
[PlyCount "54"]
[EventDate "1999.03.16"]
[Source "ChessBase"]
[SourceDate "1999.05.10"]

1. Nf3 d5 2. d4 Nf6 3. c4 e6 4. Nc3 dxc4 5. e4 Bb4 6. Bg5 c5 7. Bxc4 cxd4 8. Nxd4 Bxc3+ 9. bxc3 Qa5 10. Bb5+ Bd7 11. Bxf6 gxf6 12. Qb3 O-O 13. O-O Qb6 14. a4 Rd8 15. Qa3 Bxb5 16. axb5 Nd7 17. Rfe1 Qc5 18. Qc1 Kh8 19. Re3 Rg8 20. Rh3 Rg6 21. Rg3 Ne5 22. Qf4 Rag8 23. Rxg6 Rxg6 24. Qe3 Nc4 25. Qd3 Ne5 26. Qe3 Nc4 27. Qd3 Ne5 1/2-1/2

[Event "Biel"]
[Site "?"]
[Date "1997.??.??"]
[Round "?"]
[White "Karpov, Anatoly"]
[Black "Lautier, J."]
[Result "1-0"]
[WhiteElo "2745"]
[BlackElo "2660"]
[PlyCount "79"]
[EventDate "1997.??.??"]
[Source "ChessBase"]
[SourceDate "1997.06.01"]

1. d4 Nf6 2. c4 e6 3. Nf3 d5 4. Nc3 dxc4 5. e4 Bb4 6. Bg5 c5 7. Bxc4 cxd4 8. Nxd4 Bxc3+ 9. bxc3 Qa5 10. Nb5 Nxe4 11. Bf4 O-O 12. O-O Bd7 13. a4 Bc6 14. Qg4 Nf6 15. Qe2 a6 16. Nc7 Ra7 17. Qe3 b6 18. Nxe6 Nd5 19. Qg3 fxe6 20. Bxb8 Raf7 21. Bd6 Re8 22. Rfe1 Kh8 23. Be5 Nf6 24. Bd4 Ne4 25. Qh4 Nd6 26. Bd3 Nf5 27. Qh5 Kg8 28. Re5 b5 29. Rae1 g6 30. Qe2 Nxd4 31. cxd4 Qd8 32. axb5 axb5 33. Qe3 Ref8 34. Re2 Rf4 35. Rxe6 Rxd4 36. Bc2 Rd6 37. Bb3 Kh8 38. Qc3+ Rf6 39. Rxd6 Qxd6 40. Re6 1-0

[Event "Jakarta (m/14)"]
[Site "?"]
[Date "1993.??.??"]
[Round "?"]
[White "Karpov, An"]
[Black "Timman, J."]
[Result "1-0"]
[WhiteElo "2760"]
[BlackElo "2620"]
[PlyCount "105"]
[EventDate "1993.??.??"]
[Source "ChessBase"]
[SourceDate "1993.10.01"]

1. d4 Nf6 2. c4 e6 3. Nf3 d5 4. Nc3 dxc4 5. e4 Bb4 6. Bg5 c5 7. Bxc4 cxd4 8. Nxd4 Bxc3+ 9. bxc3 Qa5 10. Nb5 Nxe4 11. Bf4 O-O 12. O-O Nd7 13. Nc7 e5 14. Nxa8 exf4 15. Bd5 Ndf6 16. Bxe4 Nxe4 17. f3 Nxc3 18. Qd6 Nd5 19. Rac1 Be6 20. Nc7 Nxc7 21. Qxc7 Qxc7 22. Rxc7 Bd5 23. Rc5 Be6 24. Rc7 Bd5 25. Rc5 Be6 26. Ra5 a6 27. Rb1 Rc8 28. h4 Rc7 29. Rb4 Bc4 30. Raa4 Be6 31. Rb6 h6 32. a3 g5 33. Rab4 a5 34. Ra4 gxh4 35. Rxf4 h3 36. gxh3 Bxh3 37. Ra4 Rc3 38. Rxb7 Rxf3 39. Rxa5 Be6 40. Rb1 h5 41. Rg5+ Kf8 42. Ra1 h4 43. a4 f6 44. Rg2 Bd5 45. Rd2 Be4 46. a5 Rh3 47. Ra4 Bc6 48. Rc4 Rh1+ 49. Kf2 Bb5 50. Rc7 Ke8 51. Rd5 Rb1 52. Rh5 Kd8 53. Ra7 1-0

[Event "Groningen (m/2) 71/437"]
[Site "?"]
[Date "1997.??.??"]
[Round "?"]
[White "Piket, Jeroen"]
[Black "Topalov, Veselin"]
[Result "1-0"]
[WhiteElo "2630"]
[BlackElo "2745"]
[PlyCount "57"]
[EventDate "1997.??.??"]
[Source "ChessBase"]
[SourceDate "1997.10.01"]

1. d4 Nf6 2. Nf3 e6 3. c4 d5 4. Nc3 dxc4 5. e4 Bb4 6. Bg5 c5 7. Bxc4 cxd4 8. Nxd4 Bxc3+ 9. bxc3 Qa5 10. Bb5+ Bd7 11. Bxf6 gxf6 12. Qb3 a6 13. Be2 Nc6 14. O-O Qc7 15. Qa3 Rc8 16. Rad1 Na5 17. Qc1 Ke7 18. Qh6 Bc6 19. Nxe6 Qe5 20. Nd4 Rcg8 21. f4 Qc5 22. Kh1 Rg6 23. Qh3 Bxe4 24. Bf3 Bxf3 25. Rxf3 Qc7 26. Nf5+ Kf8 27. Rfd3 Nc6 28. Rd7 Qa5 29. Qd3 1-0

[Event "GM"]
[Site "Biel SUI"]
[Date "2007.08.02"]
[Round "9"]
[White "Avrukh, B."]
[Black "Grischuk, A."]
[Result "0-1"]
[WhiteElo "2645"]
[BlackElo "2726"]
[PlyCount "108"]
[EventDate "2007.07.23"]
[Source "www.chesslib.no"]
[SourceDate "2004.05.04"]

1. d4 Nf6 2. c4 e6 3. Nf3 d5 4. Nc3 dxc4 5. e4 Bb4 6. Bg5 c5 7. Bxc4 cxd4 8. Nxd4 Bxc3+ 9. bxc3 Qa5 10. Bb5+ Bd7 11. Bxf6 gxf6 12. Bxd7+ Nxd7 13. O-O a6 14. Rb1 Qc7 15. Qh5 Ke7 16. Rfd1 b5 17. Rb2 Rac8 18. Rbd2 Nc5 19. Re2 Qf4 20. g3 Qg5 21. Qf3 h5 22. e5 f5 23. c4 bxc4 24. Rc2 Qg4 25. Rxc4 Qxf3 26. Nxf3 Ne4 27. Rdc1 Rxc4 28. Rxc4 Rb8 29. Rc2 Rb4 30. Kg2 a5 31. Ne1 Rd4 32. f3 Nd2 33. Kf2 Nc4 34. f4 Nb6 35. Nf3 Ra4 36. Rb2 Nd5 37. Rb7+ Ke8 38. Ng5 Rxa2+ 39. Kf3 Ra3+ 40. Kf2 Ra2+ 41. Kf3 Nc3 42. Ke3 a4 43. Nxf7 a3 44. Nd6+ Kf8 45. Rf7+ Kg8 46. Ra7 Ra1 47. Kd4 Nd5 48. Nb5 Nb4 49. Ra8+ Kf7 50. Nc3 a2 51. Ra4 h4 52. Rxb4 Rd1+ 53. Nxd1 a1=Q+ 54. Nc3 h3 0-1

[Event "FIDE"]
[Site "?"]
[Date "1993.??.??"]
[Round "37"]
[White "Karpov, Anatoly"]
[Black "Timman, Jan H"]
[Result "1-0"]
[WhiteElo "2725"]
[BlackElo "2635"]
[PlyCount "25"]
[EventDate "1993.??.??"]
[Source "www.chesslib.no"]
[SourceDate "2004.05.04"]

1. d4 Nf6 2. c4 e6 3. Nf3 d5 4. Nc3 dxc4 5. e4 Bb4 6. Bg5 c5 7. Bxc4 cxd4 8. Nxd4 Bxc3+ 9. bxc3 Qa5 10. Nb5 Bd7 11. Nd6+ Ke7 12. Qd2 Bc6 13. f4 1-0

[Event "Wijk aan Zee 83/420"]
[Site "?"]
[Date "2002.??.??"]
[Round "?"]
[White "Piket, Je"]
[Black "Van Wely, L."]
[Result "1/2-1/2"]
[WhiteElo "2659"]
[BlackElo "2697"]
[PlyCount "106"]
[EventDate "2002.??.??"]
[Source "Chess Informant"]
[SourceDate "2001.10.01"]

1. d4 Nf6 2. c4 e6 3. Nf3 d5 4. Nc3 dxc4 5. e4 Bb4 6. Bg5 c5 7. Bxc4 cxd4 8. Nxd4 Bxc3+ 9. bxc3 Qa5 10. Bb5+ Nbd7 11. Bxf6 Qxc3+ 12. Kf1 gxf6 13. Rc1 Qb4 14. h4 a6 15. Be2 Ne5 16. Rh3 Qd6 17. Rb3 b5 18. a4 bxa4 19. Rbc3 Bd7 20. h5 Rb8 21. f4 Ng6 22. hxg6 hxg6 23. Qd2 Rh4 24. Kg1 Rxf4 25. Qe3 Qe5 26. Bd3 Rg4 27. Rc5 Qg3 28. Qxg3 Rxg3 29. Bxa6 Rb2 30. Bf1 Re3 31. Rc7 Rxe4 32. Nc6 Rb6 33. Na5 Rd4 34. Ra7 Rbb4 35. Nc6 Bxc6 36. Rxc6 Rd7 37. Ra8+ Ke7 38. Rca6 Rb1 39. Rxa4 Rdd1 40. R4a7+ Rd7 41. Rxd7+ Kxd7 42. Ra7+ Ke8 43. Kf2 f5 44. Be2 Rb2 45. Kf1 Rb4 46. Bf3 Kf8 47. Bc6 Rc4 48. Bd7 g5 49. Kf2 Rc3 50. Ra8+ Ke7 51. Ra7 Kf8 52. Ra8+ Ke7 53. Ra7 Kf8 1/2-1/2

[Event "Hoogovens 5'"]
[Site "Wijk aan Zee"]
[Date "1999.01.18"]
[Round "10"]
[White "Van Wely, Loek"]
[Black "Ivanchuk, Vassily"]
[Result "0-1"]
[WhiteElo "2636"]
[BlackElo "2714"]
[PlyCount "62"]
[EventDate "1999.01.18"]
[Source "ChessBase"]
[SourceDate "1999.03.01"]

1. d4 Nf6 2. c4 e6 3. Nf3 d5 4. Nc3 dxc4 5. e4 Bb4 6. Bg5 c5 7. Bxc4 cxd4 8. Nxd4 Bxc3+ 9. bxc3 Qa5 10. Bxf6 Qxc3+ 11. Kf1 gxf6 12. Bb5+ Ke7 13. Rc1 Qa5 14. Qb3 Rd8 15. a4 Qb6 16. Qb4+ Qd6 17. Rc7+ Nd7 18. Qc3 Kf8 19. Ke2 a6 20. Rd1 axb5 21. Nxb5 Qxh2 22. Qb4+ Kg7 23. Qe7 Rf8 24. Rd3 Ne5 25. Rg3+ Ng6 26. Nd6 Qxg3 27. Qxf8+ Kxf8 28. Rxf7+ Kg8 29. fxg3 Ra6 30. Rc7 Rxd6 31. Rxc8+ Nf8 0-1

[Event "Amber-blind 9th"]
[Site "Monte Carlo"]
[Date "2000.03.24"]
[Round "8"]
[White "Lautier, Joel"]
[Black "Ivanchuk, Vassily"]
[Result "1/2-1/2"]
[WhiteElo "2632"]
[BlackElo "2709"]
[PlyCount "52"]
[EventDate "2000.03.16"]
[Source "ChessBase"]
[SourceDate "2000.05.31"]

1. d4 Nf6 2. c4 e6 3. Nf3 d5 4. Nc3 dxc4 5. e4 Bb4 6. Bg5 c5 7. Bxc4 cxd4 8. Nxd4 Bxc3+ 9. bxc3 Qa5 10. Bxf6 Qxc3+ 11. Kf1 gxf6 12. Rc1 Qa5 13. h4 Ke7 14. Rh3 Rd8 15. Rd3 Nd7 16. Nb3 Qb6 17. Qh5 Ne5 18. Rxd8 Qxd8 19. Be2 Bd7 20. Qxh7 Qb6 21. Qh6 Bc6 22. Qf4 Rh8 23. g3 Ng6 24. Qg4 Ne5 25. Qf4 Ng6 26. Qg4 Ne5 1/2-1/2

[Event "Mind Sports Games - Rapid Team KO"]
[Site "Pechino CINA"]
[Date "2008.10.17"]
[Round "1.2"]
[White "Bu Xiangzhi"]
[Black "Ghaem Maghami, E."]
[Result "1-0"]
[WhiteElo "2714"]
[BlackElo "2599"]
[PlyCount "43"]
[EventDate "2008.10.14"]
[Source "www.chesslib.no"]
[SourceDate "2004.05.04"]

1. d4 Nf6 2. c4 e6 3. Nf3 d5 4. Bg5 Bb4+ 5. Nc3 dxc4 6. e4 c5 7. Bxc4 cxd4 8. Nxd4 Bxc3+ 9. bxc3 Qa5 10. Bxf6 gxf6 11. O-O O-O 12. Re1 Kh8 13. e5 Nd7 14. exf6 Nxf6 15. Nb5 Qd8 16. Nd6 Bd7 17. Qd4 Bc6 18. Rad1 Bd5 19. Bxd5 exd5 20. Qe5 Kg7 21. Nf5+ Kg6 22. Ne7+ 1-0

[Event "Groningen (m/2) 71/(436)"]
[Site "?"]
[Date "1997.??.??"]
[Round "?"]
[White "Gelfand, Boris"]
[Black "Tkachiev, Vladislav"]
[Result "1/2-1/2"]
[WhiteElo "2695"]
[BlackElo "2615"]
[PlyCount "46"]
[EventDate "1997.??.??"]
[Source "ChessBase"]
[SourceDate "1997.10.01"]

1. d4 Nf6 2. c4 e6 3. Nf3 d5 4. Nc3 dxc4 5. e4 Bb4 6. Bg5 c5 7. Bxc4 cxd4 8. Nxd4 Qa5 9. Bd2 Qc5 10. Bb5+ Bd7 11. Nb3 Qe7 12. Bd3 Nc6 13. a3 Bd6 14. Be3 a6 15. O-O O-O 16. f4 e5 17. f5 Nd4 18. Nxd4 exd4 19. Bxd4 Bc5 20. Bxc5 Qxc5+ 21. Kh1 Bc6 22. Qf3 Rfe8 23. Qg3 Rad8 1/2-1/2

[Event "Bled ol (Men)"]
[Site "?"]
[Date "2002.10.30"]
[Round "5"]
[White "Beliavsky Alexander G"]
[Black "Georgiev Kiril"]
[Result "1/2-1/2"]
[WhiteElo "2650"]
[BlackElo "2658"]
[PlyCount "267"]
[EventDate "2002.??.??"]
[Source "www.chesslib.no"]
[SourceDate "2004.05.04"]

1. d4 Nf6 2. c4 e6 3. Nf3 d5 4. Nc3 dxc4 5. e4 Bb4 6. Bg5 c5 7. Bxc4 cxd4 8. Nxd4 Qa5 9. Bb5+ Bd7 10. Bxf6 gxf6 11. O-O Bxb5 12. Ncxb5 Nc6 13. a3 Be7 14. Rc1 Rg8 15. Nxc6 bxc6 16. Nd6+ Kf8 17. Rxc6 Rd8 18. Rc8 Kg7 19. Nb7 Rxd1 20. Rxg8+ Kxg8 21. Nxa5 Rd2 22. b4 Ra2 23. Nc6 Bf8 24. Nxa7 Rxa3 25. Nc6 Rc3 26. Nd4 Rc4 27. Rd1 Rxb4 28. Kf1 Bc5 29. Nc6 Rb6 30. Rd8+ Kg7 31. Nd4 Rb4 32. Nc2 Rc4 33. Ne1 Rxe4 34. Rc8 Bb6 35. Rb8 Ba5 36. Nd3 f5 37. Rb5 Bd2 38. g3 Rd4 39. Ke2 Bg5 40. Rb7 Rd5 41. h4 Bd8 42. Nf4 Rd6 43. Nh5+ Kf8 44. Rb8 Ke7 45. Rb7+ Rd7 46. Rxd7+ Kxd7 47. Nf4 Kd6 48. Ng2 Ke5 49. Ne1 Ke4 50. Nf3 Bf6 51. Nd2+ Kd5 52. Nf3 h5 53. Ke3 Bd8 54. Ke2 f4 55. gxf4 Ke4 56. Ne5 f6 57. Nd3 Bb6 58. f3+ Kf5 59. Kf1 Be3 60. Kg2 Bxf4 61. Kf2 Bd6 62. Kg2 Be7 63. Kg3 e5 64. Nf2 Bb4 65. Nd3 Bd6 66. Kg2 Ke6 67. Nf2 f5 68. Nh1 Kf6 69. Ng3 Kg6 70. Ne2 Bb4 71. Kf2 Bd2 72. Kf1 f4 73. Ng1 Bb4 74. Kg2 Be1 75. Kh3 Kf5 76. Ne2 Bd2 77. Kg2 Ke6 78. Kf1 Kd5 79. Ng1 Bb4 80. Ke2 Kd4 81. Nh3 Be7 82. Ng1 Bxh4 83. Nh3 Kc4 84. Ng1 Bd8 85. Nh3 Kd4 86. Nf2 Bb6 87. Nh3 Kc4 88. Ng5 h4 89. Nh3 Be3 90. Ng5 Kd5 91. Nh3 Ke6 92. Kf1 Bb6 93. Kg2 Kd5 94. Kf1 Kd4 95. Ke2 Bc7 96. Ng5 Ba5 97. Nh3 Bb4 98. Ng5 Ba3 99. Nh3 Bc1 100. Ng5 Be3 101. Nh3 Kc4 102. Ng5 Bb6 103. Nh3 Bd8 104. Nf2 Kd5 105. Nh3 Bb6 106. Kf1 Ke6 107. Kg2 Bc5 108. Kf1 Ba7 109. Kg2 Kd5 110. Kf1 Kc4 111. Ke2 Kc3 112. Ng5 Bb6 113. Nh3 Be3 114. Ng5 Kd4 115. Nh3 Kd5 116. Ng5 Kd6 117. Nh3 Ke7 118. Kf1 Kf6 119. Kg2 Kf5 120. Kf1 Ba7 121. Kg2 Bb6 122. Kf1 Ba5 123.  g2 Be1 124. Kf1 Bg3 125. Kg2 Ke6 126. Kf1 Kd5 127. Ng5 Kd4 128. Ke2 Kc4 129. Nh3 Kd4 130. Ng5 Kd5 131. Kd3 Bf2 132. Ke2 Bb6 133. Nh3 Ke6 134. Kf1 1/2-1/2

[Event "Jugoslavija"]
[Site "?"]
[Date "1997.??.??"]
[Round "?"]
[White "Sakaev, K."]
[Black "Beliavsky, A."]
[Result "1/2-1/2"]
[WhiteElo "2590"]
[BlackElo "2710"]
[PlyCount "58"]
[EventDate "1997.??.??"]
[Source "ChessBase"]
[SourceDate "1997.06.01"]

1. Nf3 d5 2. c4 e6 3. d4 Nf6 4. Nc3 dxc4 5. e4 Bb4 6. Bg5 c5 7. Bxc4 cxd4 8. Nxd4 Bxc3+ 9. bxc3 Qa5 10. Bb5+ Bd7 11. Bxf6 gxf6 12. Qb3 a6 13. Be2 Nc6 14. O-O Qc7 15. Rfd1 O-O 16. Qb2 Ne5 17. Rab1 b5 18. Qd2 Ng6 19. Rbc1 Rfd8 20. Qe3 Qf4 21. Qxf4 Nxf4 22. Bf1 Rac8 23. Nb3 Be8 24. Rxd8 Rxd8 25. f3 Kf8 26. c4 Nd3 27. Rc3 Ne5 28. cxb5 axb5 29. Kf2 Ra8 1/2-1/2

[Event "Moscow RUS"]
[Site "?"]
[Date "2005.02.17"]
[Round "3"]
[White "Akopian Vladimir"]
[Black "Izoria Zviad"]
[Result "1-0"]
[WhiteElo "2693"]
[BlackElo "2607"]
[PlyCount "113"]
[EventDate "2005.??.??"]
[Source "www.chesslib.no"]
[SourceDate "2004.05.04"]

1. d4 Nf6 2. c4 e6 3. Nf3 d5 4. Nc3 dxc4 5. e4 Bb4 6. Bg5 c5 7. Bxc4 cxd4 8. Nxd4 Bxc3+ 9. bxc3 Qa5 10. Bb5+ Bd7 11. Bxf6 gxf6 12. Bxd7+ Nxd7 13. O-O a6 14. Rb1 Qc7 15. Qd2 O-O 16. Rfd1 Rad8 17. Qh6 Kh8 18. Rd3 Rg8 19. Ne2 Rg6 20. Qd2 Rgg8 21. Ng3 Ne5 22. Rxd8 Qxd8 23. Qxd8 Rxd8 24. f4 Ng6 25. Rxb7 Nxf4 26. Rxf7 Rd2 27. Rxf6 e5 28. Nf5 Kg8 29. Rxa6 Rxg2+ 30. Kf1 Rxh2 31. Ra8+ Kf7 32. a4 Rh1+ 33. Kf2 Rh2+ 34. Kf1 Rh1+ 35. Kf2 Rh2+ 36. Kg3 Rh3+ 37. Kg4 h5+ 38. Kg5 Ne6+ 39. Kh6 Rxc3 40. Kxh5 Nc5 41. a5 Ra3 42. Nd6+ Ke6 43. Nb5 Rh3+ 44. Kg4 Re3 45. Rc8 Nxe4 46. a6 Nf2+ 47. Kh5 Rh3+ 48. Kg6 Rg3+ 49. Kh7 Rh3+ 50. Kg7 Rg3+ 51. Kf8 Rh3 52. Rc3 Rh1 53. a7 Ne4 54. Ra3 Rf1+ 55. Ke8 Rh1 56. Ra6+ Kd5 57. a8=Q+ 1-0

[Event "Amsterdam"]
[Site "?"]
[Date "1987.??.??"]
[Round "?"]
[White "Timman, J."]
[Black "Karpov, A."]
[Result "1/2-1/2"]
[WhiteElo "2590"]
[BlackElo "2710"]
[PlyCount "111"]
[EventDate "1987.??.??"]
[Source "ChessBase"]
[SourceDate "1987.01.01"]

1. d4 Nf6 2. c4 e6 3. Nf3 d5 4. Bg5 dxc4 5. Nc3 Bb4 6. e4 c5 7. e5 cxd4 8. Qa4+ Nc6 9. O-O-O h6 10. exf6 hxg5 11. fxg7 Rg8 12. Nxd4 Bxc3 13. bxc3 Qa5 14. Qxa5 Nxa5 15. h4 g4 16. h5 Rxg7 17. h6 Rh7 18. Be2 b6 19. Bxg4 Bb7 20. Nf3 Ke7 21. Ng5 Rhh8 22. h7 Bxg2 23. Rh6 Bc6 24. f4 Be8 25. f5 exf5 26. Bxf5 Rd8 27. Re1+ Kf8 28. Be4 Kg7 29. Rh2 Rd6 30. Rg1 Kf8 31. Rhg2 Ke7 32. Nh3 Bd7 33. Nf4 Rh6 34. Rg7 Kf6 35. Rg8 R8xh7 36. Bxh7 Rxh7 37. Re1 Bc6 38. Rd8 Rh4 39. Rd6+ Kg7 40. Rg1+ Kf8 41. Rd4 Rh7 42. Rd2 Rh6 43. Rf2 Ke7 44. Re1+ Kd7 45. Ne2 Bd5 46. Rd1 Rd6 47. Nd4 Be6 48. Rh1 a6 49. Rh8 Bd5 50. Rd2 Kc7 51. Nf5 Rd7 52. Ng7 Kc6 53. Rh6+ Rd6 54. Rxd6+ Kxd6 55. Ne8+ Kc6 56. Nf6 1/2-1/2

[Event "Politiken Cup"]
[Site "?"]
[Date "2003.07.19"]
[Round "6"]
[White "Sakaev Konstantin"]
[Black "Nielsen Peter Heine"]
[Result "1/2-1/2"]
[WhiteElo "2655"]
[BlackElo "2636"]
[PlyCount "25"]
[EventDate "2003.??.??"]
[Source "www.chesslib.no"]
[SourceDate "2004.05.04"]

1. d4 Nf6 2. c4 e6 3. Nf3 d5 4. Nc3 dxc4 5. Bg5 Bb4 6. Qa4+ Nc6 7. a3 Bxc3+ 8. bxc3 Qd5 9. Bxf6 gxf6 10. Qc2 f5 11. g3 b6 12. Bg2 Bb7 13. Nh4 1/2-1/2

[Event "Antwerpen"]
[Site "?"]
[Date "1997.??.??"]
[Round "?"]
[White "Sokolov, I."]
[Black "Van Wely, L."]
[Result "1/2-1/2"]
[WhiteElo "2635"]
[BlackElo "2655"]
[PlyCount "40"]
[EventDate "1997.??.??"]
[Source "ChessBase"]
[SourceDate "1997.06.01"]

1. Nf3 d5 2. c4 e6 3. d4 Nf6 4. Nc3 dxc4 5. e4 Bb4 6. Bg5 c5 7. Bxc4 cxd4 8. Nxd4 Bxc3+ 9. bxc3 Qa5 10. Bb5+ Bd7 11. Bxf6 gxf6 12. Qb3 a6 13. Be2 Nc6 14. O-O Qc7 15. Bh5 O-O 16. Rad1 Kh8 17. f4 Rac8 18. Kh1 Nxd4 19. cxd4 Bb5 20. Rf2 Qc3 1/2-1/2

[Event "Leon 83/417"]
[Site "?"]
[Date "2001.??.??"]
[Round "?"]
[White "Van Wely, L."]
[Black "Agrest, E."]
[Result "0-1"]
[WhiteElo "2714"]
[BlackElo "2563"]
[PlyCount "104"]
[EventDate "2001.??.??"]
[Source "Chess Informant"]
[SourceDate "2001.10.01"]

1. Nf3 Nf6 2. c4 e6 3. Nc3 d5 4. d4 dxc4 5. e4 Bb4 6. Bg5 c5 7. e5 h6 8. exf6 hxg5 9. fxg7 Rg8 10. a3 Ba5 11. dxc5 Qxd1+ 12. Rxd1 Bxc3+ 13. bxc3 Rxg7 14. h4 g4 15. Ng5 Nd7 16. Rd4 Ne5 17. Ne4 Ke7 18. Nd6 Bd7 19. Nxb7 Rb8 20. Nd6 Ba4 21. h5 Rb1+ 22. Kd2 Rd1+ 23. Ke2 Rc1 24. h6 Rh7 25. Ke3 f5 26. Nxc4 Rxc3+ 27. Kf4 Nf7 28. f3 gxf3 29. gxf3 Kf6 30. Bd3 Bb5 31. Kg3 e5 32. Bxf5 Kxf5 33. Nd6+ Ke6 34. Nxb5 exd4 35. Nxc3 dxc3 36. Rc1 Rxh6 37. Rxc3 Kd5 38. Rd3+ Kc6 39. Re3 a6 40. Re7 Rf6 41. f4 Kxc5 42. Kg4 Kd5 43. Ra7 Kc4 44. Rb7 Nd8 45. Rb4+ Kd5 46. Ra4 Rd6 47. Ra5+ Kd4 48. f5 Ke4 49. Rc5 Nf7 50. Ra5 Rc6 51. a4 Ne5+ 52. Kg5 Nc4 0-1

[Event "EU-chT (Men)"]
[Site "Batumi"]
[Date "1999.12.05"]
[Round "7.1"]
[White "Lputian, Smbat G"]
[Black "Piket, Jeroen"]
[Result "1/2-1/2"]
[WhiteElo "2625"]
[BlackElo "2635"]
[PlyCount "31"]
[EventDate "1999.11.06"]
[Source "ChessBase"]
[SourceDate "2000.02.01"]

1. Nf3 d5 2. d4 Nf6 3. c4 e6 4. Nc3 dxc4 5. e4 Bb4 6. Bg5 c5 7. Bxc4 cxd4 8. Nxd4 Bxc3+ 9. bxc3 Qa5 10. Bxf6 Qxc3+ 11. Kf1 gxf6 12. Bb5+ Nd7 13. h4 a6 14. Rh3 Qa5 15. Be2 Nc5 16. Nb3 1/2-1/2

[Event "15. European Team Championship"]
[Site "?"]
[Date "2005.08.03"]
[Round "5.3"]
[White "Eljanov Pavel"]
[Black "Gustafsson Jan"]
[Result "1-0"]
[WhiteElo "2639"]
[BlackElo "2614"]
[PlyCount "125"]
[EventDate "2005.??.??"]
[Source "www.chesslib.no"]
[SourceDate "2004.05.04"]

1. d4 Nf6 2. c4 e6 3. Nf3 d5 4. Bg5 Bb4+ 5. Nc3 dxc4 6. a3 Bxc3+ 7. bxc3 Nbd7 8. e4 h6 9. Bh4 g5 10. Bg3 b5 11. Qb1 a6 12. Be2 c5 13. O-O cxd4 14. Nxd4 Bb7 15. f3 Nh5 16. a4 Nxg3 17. hxg3 Qc7 18. axb5 a5 19. b6 Qc5 20. Qb5 Qxb5 21. Nxb5 Ke7 22. Nc7 Rab8 23. Rxa5 Nxb6 24. Rb1 Nd7 25. Rb4 Rhc8 26. Rxc4 Nb6 27. Rb4 Nd7 28. Nb5 Rc6 29. Ra7 Rb6 30. Nd4 Kd6 31. Kf2 Bc8 32. Rxb6+ Rxb6 33. Nb5+ Ke7 34. Ke3 Ra6 35. Rxa6 Bxa6 36. Nc7 Bxe2 37. Kxe2 Kd6 38. Na6 f5 39. exf5 exf5 40. Nb4 Nf6 41. Nc2 Nh5 42. Kf2 f4 43. g4 Nf6 44. Ke2 h5 45. gxh5 Nxh5 46. Kd3 Ng3 47. Nd4 Kd5 48. c4+ Kd6 49. Nc2 Kc5 50. Nd4 Kd6 51. Kc3 Nf1 52. Nb5+ Ke5 53. c5 Kd5 54. Kb4 Ne3 55. Nc7+ Kc6 56. Ne6 Nxg2 57. Nxg5 Ne3 58. Ne6 Nc2+ 59. Kc4 Ne3+ 60. Kd4 Nf5+ 61. Kc4 Ne3+ 62. Kd3 Nf5 63. Nd4+ 1-0